000 00581nam a2200157 i 4500
001 62699
003 ES-MaACL
005 20230906164720.0
007 t|
008 031125s1929 cl ||||1| spa d
100 1 _aFernández Baños, Olegario.
_949499
245 1 0 _aPrevisiones científicas
_b: discurso leido en la solemne inauguración del curso academico de 1929 a 1930 en la Universidad de Santiago de Compostela /
_cOlegario Fernández Baños.
260 _aSantiago de Chile :
_b[s.n.,
_c1929] (
_fTip. Paredes)
300 _a46 p. ;
_c31 cm.
852 _aES-MaACL
_j1731-F-10
999 _c62699
_d62699